Bibliography: Wildlife and Protected Area Management In Madhya Pradesh. (Record no. 603496)

MARC details
000 -LEADER
fixed length control field 00533nam a2200145Ia 4500
008 - FIXED-LENGTH DATA ELEMENTS--GENERAL INFORMATION
fixed length control field 100415s9999 xx 000 0 und d
082 ## - DEWEY DECIMAL CLASSIFICATION NUMBER
Item number 20614
Classification number 010
100 ## - MAIN ENTRY--PERSONAL NAME
Personal name MATHUR, P.K.
245 ## - TITLE STATEMENT
Title Bibliography: Wildlife and Protected Area Management In Madhya Pradesh.
260 ## - PUBLICATION, DISTRIBUTION, ETC. (IMPRINT)
Place of publication, distribution, etc DEHRA DUN
Date of publication, distribution, etc 1999
Name of publisher, distributor, etc WILDLIFE INSTITUTE OF INDIA.
365 ## - TRADE PRICE
Price amount 995
630 ## - SUBJECT ADDED ENTRY--UNIFORM TITLE
Uniform title Bibliography: Wildlife and Protected Area Management In Madhya Pradesh.
730 ## - ADDED ENTRY--UNIFORM TITLE
Uniform title Bibliography: Wildlife and Protected Area Management In Madhya Pradesh.
942 ## - ADDED ENTRY ELEMENTS (KOHA)
Koha item type Book
Holdings
Withdrawn status Lost status Damaged status Not for loan Home library Current library Date acquired Cost, normal purchase price Total Checkouts Full call number Barcode Date last seen Price effective from Koha item type
        Bombay Natural History Society Bombay Natural History Society 07/18/2003 995.00   010 20614 BNHS-20614 04/15/2010 04/15/2010 Book